Taylor Swift song - one word at the time #4 - Statistics

General Stats
  • This quiz has been taken 25 times
  • The average score is 270 of 372
Answer Stats
Answer % Correct
I
94%
a
88%
It
88%
do
88%
in
88%
It
88%
it
88%
the
88%
to
88%
was
88%
we
88%
you
88%
don't
82%
is
82%
me
82%
so
82%
This
82%
this
82%
when
82%
why'd
82%
an
76%
and
76%
And
76%
can't
76%
had
76%
Had
76%
have
76%
my
76%
nice
76%
Nice
76%
on
76%
them
76%
They
76%
they
76%
thing
76%
things
76%
what
76%
why
76%
big
71%
darlin
71%
Did
71%
he
71%
He
71%
I'm
71%
Reputation
71%
say
71%
take
71%
that
71%
away
65%
back
65%
Because
65%
break
65%
call
65%
cause
65%
champagne
65%
even
65%
face
65%
for
65%
friend
65%
friends
65%
from
65%
get
65%
Haha
65%
hear
65%
here
65%
If
65%
jump
65%
listen
65%
no
65%
parade
65%
parties
65%
pool
65%
shakin
65%
straight
65%
there
65%
There
65%
therein
65%
This is why we can't have nice things
65%
up
65%
with
65%
ain't
59%
all
59%
are
59%
balcony
59%
being
59%
chandelier
59%
drama
59%
gates
59%
Gatsby
59%
head
59%
Here's
59%
here's
59%
honey
59%
into
59%
locking
59%
mama
59%
rain
59%
real
59%
rules
59%
sea
59%
shaking
59%
she
59%
show
59%
swimmin
59%
throwing
59%
wouldn't
59%
about
53%
again
53%
baby
53%
But
53%
care
53%
everyone
53%
forgiveness
53%
giving
53%
hand
53%
issue
53%
lately
53%
only
53%
readin
53%
said
53%
shady
53%
stabbed
53%
think
53%
toast
53%
trick
53%
try
53%
while
53%
you've
53%
bass
47%
beat
47%
chance
47%
feelin
47%
lies
47%
mind-twist
47%
not
47%
phone
47%
second
47%
took
47%
weren't
47%
whole
47%
year
47%
axe
41%
fence
41%
lost
41%
mended
41%
rattling
41%
No matching quizzes found
Score Distribution
Percent of People with Each Score
Percentile by Number Answered
Your Score History
You have not taken this quiz